Pays qui battent les Palaos - Statistiques

Statistiques générales
  • Ce quiz a été pris 554 fois
    545 depuis la dernière actualisation
  • Le résultat moyen est 10 sur 20
Statistiques - réponses
Rang Catégorie Pays % Correct
4 Le moins peuplé Vatican | Nauru | Tuvalu
99%
7 Le plus proche des Philippines Malaisie | Taiwan | Indonésie | Brunei | Japon | Chine
77%
4 Le plus petit en Océanie Nauru | Tuvalu | Iles Marshall
74%
7 Drapeau avec le plus de bleu Micronésie | Kazakhstan | Nauru | Somalie | Kosovo | Sainte-Lucie
67%
2 Taux d'obésité le plus élevé Nauru
64%
3 Le plus septentrional en Océanie Iles Marshall | Micronésie
62%
2 Le plus occidental en Océanie Australie
61%
5 Le plus de touristes par habitant Vatican | Andorre | Monaco | Islande
61%
3 Le plus riche par habitant en Océanie Australie | Nouvelle-Zélande
57%
2 Commençant par P le plus proche du début de l'alphabet Pakistan
57%
4 PIB total le moins élevé Nauru | Tuvalu | Iles Marshall
55%
6 Le plus récent Soudan du Sud | Kosovo | Serbie | Montenegro | Timor Oriental
54%
4 Le moins d'imports Tuvalu | Nauru | Kiribati
49%
4 Taux de diabète le plus élevé Nauru | Ile Maurice | Iles Marshall
46%
9 Plus gros ratio d'hommes Vatican | Qatar | Emirats Arabes Unis | Koweït | Maldives | Oman | Arabie Saoudite | Bhoutan
45%
4 Pourcentage de superficie forestière le plus élevé Suriname | Micronésie | Seychelles
28%
2 Le plus proche de la Micronésie Papouasie-Nouvelle-Guinée
24%
3 Le plus d'immigrants par habitant hors d'Eurasie Antigua-et-Barbuda | Australie
22%
3 Quiz par pays le moins pris Tonga | Antigua-et-Barbuda
21%
2 Le moins d'exports Kiribati
20%
Aucun quiz correspondant
Distribution des résultats
% des personnes avec chaque résultat
Percentile par nombre de réponses
Votre historique - résultats
Vous n’avez pas pris ce quiz depuis la dernière actualisation